[Event "16th Unive op"]
[Site "Hoogeveen NED"]
[Date "2012.10.27"]
[Round "9.36"]
[White "Gieben, Stijn"]
[Black "Hoffman, Ron"]
[Result "1/2-1/2"]
[WhiteElo "2068"]
[BlackElo "2107"]
[EventDate "2012.10.19"]
[PlyCount "29"]

1.e4 Nc6 2.d4 d5 3.e5 f6 4.Bd3 g6 5.f4 Nh6 6.Nf3 Bf5 7.O-O Bxd3 8.Qxd3 f5 
9.b3 e6 10.a4 Nb4 11.Qd2 c5 12.Ba3 Qb6 13.Bxb4 cxb4 14.a5 Qc6 15.Ne1 
1/2-1/2

[Event "16th Unive op"]
[Site "Hoogeveen NED"]
[Date "2012.10.27"]
[Round "9.37"]
[White "Slingerland, Caroline"]
[Black "Djuric, Olgica"]
[Result "1-0"]
[WhiteElo "2103"]
[BlackElo "1880"]
[EventDate "2012.10.19"]
[PlyCount "41"]

1.d4 Nf6 2.Nc3 d5 3.Bg5 Ne4 4.Nxe4 dxe4 5.e3 c6 6.c3 g6 7.Bc4 b5 8.Bb3 a5 
9.a3 Bg7 10.f3 exf3 11.Nxf3 O-O 12.O-O Bf5 13.Qe1 Ra7 14.Qh4 Bd3 15.Rf2 
Qc7 16.Bf4 Bf6 17.Qg3 Qb7 18.Bh6 Bg7 19.Bxg7 Kxg7 20.Ne5 Bf5 21.Rxf5 1-0